000 00392nam a2200145Ia 4500
005 20240814120755.0
008 240813s9999||||xx |||||||||||||| ||und||
082 _a001.424 MOR
100 _aMorse, Philip M.
245 0 _aMethods of operations research
260 _aNew York
_bJohn Wiley and Sons
_c1962
300 _avii,158p
650 _aKnowledge methodology and research
942 _cBK
999 _c11357
_d11357